MARC details
| 000 -CABECERA |
| campo de control de longitud fija |
03151nam a22003497a 4500 |
| 005 - FECHA Y HORA DE LA ÚLTIMA TRANSACCIÓN |
| campo de control |
20250226063757.0 |
| 007 - CAMPO FIJO DE DESCRIPCIÓN FÍSICA--INFORMACIÓN GENERAL |
| campo de control de longitud fija |
cr |||aaa||||| |
| 008 - ELEMENTOS DE LONGITUD FIJA--INFORMACIÓN GENERAL |
| campo de control de longitud fija |
250105s1998 mx|||||go|||| 00| 0 spa d |
| 020 ## - NÚMERO INTERNACIONAL NORMALIZADO PARA LIBROS |
| Número Internacional Estándar del Libro |
9791036540189 |
| 020 ## - NÚMERO INTERNACIONAL NORMALIZADO PARA LIBROS |
| Número Internacional Estándar del Libro |
978968602007 |
| 040 ## - FUENTE DE LA CATALOGACIÓN |
| Centro catalogador/agencia de origen |
MX-MxUPN |
| Lengua de catalogación |
spa |
| Centro/agencia transcriptor |
MX-MxUPN |
| Normas de descripción |
aacr2 |
| 041 ## - CÓDIGO DE IDIOMA |
| Código de lengua del texto/banda sonora o título independiente |
spa |
| 050 14 - SIGNATURA TOPOGRÁFICA DE LA BIBLIOTECA DEL CONGRESO |
| Número de clasificación |
E59 G6 |
| 245 00 - MENCIÓN DE TÍTULO |
| Título |
Indianidad, etnocidio e indigenismo en América latina |
| Medio |
[recurso electrónico en línea] |
| 260 ## - PUBLICACIÓN, DISTRIBUCIÓN, ETC. |
| Lugar de publicación, distribución, etc. |
México : |
| Nombre del editor, distribuidor, etc. |
Centro de Estudios Mexicanos y Centroamericanos, |
| Fecha de publicación, distribución, etc. |
1988. |
| 300 ## - DESCRIPCIÓN FÍSICA |
| Extensión |
1 recurso en línea (355 páginas) |
| 490 0# - MENCIÓN DE SERIE |
| Mención de serie |
Etnohistoria |
| 504 ## - NOTA DE BIBLIOGRAFÍA, ETC. |
| Nota de bibliografía, etc. |
Incluye bibliografía al final de cada capítulo.<br/> |
| 505 0# - NOTA DE CONTENIDO CON FORMATO PREESTABLECIDO |
| Título |
Revisionismo histórico y derecho colonial en el siglo XVI: el tema de la tiranía de los incas / |
| Mención de responsabilidad |
Pierre Duviols -- |
| Título |
Políticas étnicas en la Bolivia colonial siglos XVI-XIX / |
| Mención de responsabilidad |
Thierry Saignes -- |
| Título |
El hecho y el derecho en la política indigenista del Perú independiente / |
| Mención de responsabilidad |
Pierre Vayssière -- |
| Título |
Etnia, región y la cuestión nacional en el área andina : proposiciones para una discusión / |
| Mención de responsabilidad |
Heraclio Bonilla -- |
| Título |
Capitalismo y etnicidad: la política indigenista de Perú / |
| Mención de responsabilidad |
Henri Favre -- |
| Título |
Notas sobre el indigenismo mexicano |
| Mención de responsabilidad |
Claude Bataillon -- |
| Título |
Situación multilingüe y planteamiento lingüístico en el Perú / |
| Mención de responsabilidad |
Alberto Escobar -- |
| Título |
Los indígenas de Colombia: perspectiva de su situación lingüística y educativa / |
| Mención de responsabilidad |
Jon Landaburu -- |
| Título |
El náhuatl: ¿dialecto o “lengua civilizada”? / |
| Mención de responsabilidad |
Sybille de Pury Toumi-- |
| Título |
Reflexiones sobre el derecho y la existencia de las comunidades indígenas en Brasil / |
| Mención de responsabilidad |
Patrick Menget -- |
| Título |
Yanomami-Kaingang: la cuestión de las tierras indígenas en Brasil / |
| Mención de responsabilidad |
Bruce Albert -- |
| Título |
Extranjeros en nuestro propio país el movimiento indígena en Bolivia durante los años 70 / |
| Mención de responsabilidad |
Yvon Le Bot -- |
| Título |
Una organización indígena en lucha por la tierra el Consejo regional indígena de Cauca / |
| Mención de responsabilidad |
Christian Gros -- |
| Título |
El ocaso de las culturas indígenas de la sierra ecuatoriana y el resurgimiento de los movimientos indigenistas / |
| Mención de responsabilidad |
Emmanuel Fauroux -- |
| Título |
En la sierra del Ecuador: reivindicaciones étnicas y agrarias. El caso de un movimiento indígena / |
| Mención de responsabilidad |
Roberto Santana -- |
| Título |
Etnicidad y desarrollo económico el caso de la Federación de centros shuar / |
| Mención de responsabilidad |
Philippe Descola -- |
| Título |
Relaciones interétnicas y formas de resistencia cultural entre los achuar de Ecuador / |
| Mención de responsabilidad |
Anne-Christine Taylor -- |
| Título |
Survival International 1969-1979: la evaluación de diez años de actividades. |
| 506 0# - NOTA DE RESTRICCIONES AL ACCESO |
| Limitaciones de acceso |
Acceso abierto |
| 650 #4 - ASIENTO SECUNDARIO DE MATERIA - TERMINO TEMATICO |
| Término de materia o nombre geográfico como elemento de entrada |
Indígenas de América Latina |
| Subdivisión general |
Relaciones con el gobierno |
| 9 (RLIN) |
55144 |
| 650 #4 - ASIENTO SECUNDARIO DE MATERIA - TERMINO TEMATICO |
| Término de materia o nombre geográfico como elemento de entrada |
Indígenas de América Latina |
| Subdivisión general |
Situación legal, leyes, etc. |
| 9 (RLIN) |
13983 |
| 650 #4 - ASIENTO SECUNDARIO DE MATERIA - TERMINO TEMATICO |
| Término de materia o nombre geográfico como elemento de entrada |
Etnicidad |
| Subdivisión geográfica |
América Latina |
| 9 (RLIN) |
5994 |
| 650 #2 - ASIENTO SECUNDARIO DE MATERIA - TERMINO TEMATICO |
| Término de materia o nombre geográfico como elemento de entrada |
Indigenismo |
| 9 (RLIN) |
12654 |
| 650 #2 - ASIENTO SECUNDARIO DE MATERIA - TERMINO TEMATICO |
| Término de materia o nombre geográfico como elemento de entrada |
GENOCIDIO - |
| Subdivisión geográfica |
AMERICA LATINA |
| 9 (RLIN) |
13339 |
| 700 1# - ASIENTO SECUNDARIO--NOMBRE DE PERSONAL |
| Nombre de persona |
Freyre de Zavala, Ana |
| 9 (RLIN) |
55143 |
| Término indicativo de función/relación |
traducción |
| 710 2# - ASIENTO SECUNDARIO - NOMBRE CORPORATIVO |
| Nombre de entidad corporativa o nombre de jurisdicción como elemento de entrada |
Centre d’études mexicaines et centraméricaines (Ciudad de México, México) |
| 9 (RLIN) |
55142 |
| Término indicativo de función/relación |
edición |
| 710 2# - ASIENTO SECUNDARIO - NOMBRE CORPORATIVO |
| Nombre de entidad corporativa o nombre de jurisdicción como elemento de entrada |
Inter-American Indian Institute |
| 9 (RLIN) |
55141 |
| Término indicativo de función/relación |
edición |
| 856 40 - LOCALIZACIÓN Y ACCESO ELECTRÓNICOS |
| Identificador Uniforme del Recurso |
<a href="https://doi.org/10.4000/books.cemca.6273">https://doi.org/10.4000/books.cemca.6273</a> |
| 902 ## - ELEMENTOS DE DATOS B LOCAL, LDB (RLIN) |
| Modificó |
MaríaRobles/050125 |
| 942 ## - ELEMENTOS DE PUNTO DE ACCESO ADICIONAL (KOHA) |
| Fuente del sistema de clasificación o colocación |
Library of Congress Classification |
| Tipo de ítem Koha |
Libro Electrónico |